00545cam a2200145 450000500170000000800410001705000220005810000240008024501510010425000110025526000420026630000280030849000250033665100380036120260323083049.0260323b mx |||||||| |||| 00| 0 spa d04aF1386.3bC37 19841 aCarrillo A., Rafael10aHistoria de la Ciudad de Méxicob : desde su fundación como capital del Imperio Mexica, hasta su gran desarrollo actualc / Rafael Carrillo A. a1a ed. aMéxico :bPanorama Editorial,c1984 a214 p. :bil. ;c18 cm.0 aColección Panorama 72nafaCiudad de MéxicoxHistoria